| 000 | 00890cam a22003135a 4500 | ||
|---|---|---|---|
| 001 | L125212 | ||
| 008 | 040220s2007 xxu f v 000 0 eng u | ||
| 020 | _a9780735566934 | ||
| 035 | _a(Sirsi) u125212 | ||
| 041 | _aeng | ||
| 050 |
_a692.80973 _c18 |
||
| 100 | 1 | _aSchwartzkopf, W. | |
| 245 | 0 | 0 |
_aCalculating construction damages _b2007 cumulative supplement |
| 250 | _a2nd ed. | ||
| 260 |
_aNew York _bAspen _c2007 |
||
| 300 |
_aix, 183p. _c26cm. |
||
| 490 | _aAspen Construction Law Series | ||
| 520 | _a2007 Cumulative supplement for "Calculating construction damages" second edition (0735514801). | ||
| 650 | _aUNITED STATES | ||
| 650 | _aDAMAGES | ||
| 650 | _aCOSTS | ||
| 650 |
_aInsurance _96249 |
||
| 650 | _aCLAIMS | ||
| 650 |
_aContracts _96232 |
||
| 650 | _aDAMAGES CLAIM | ||
| 690 |
_aConstruction management _96230 |
||
| 700 | _aMcNamara, J. | ||
| 942 | _n0 | ||
| 999 |
_c103366 _d103366 |
||